СВЧ-тракт приемопередающего модуля АФАР для космического радиолокатора Х-диапазона; Инженерия для освоения космоса
| Источник: | Инженерия для освоения космоса.— 2018.— [С. 61-63] |
|---|---|
| Корпоративные авторы: | , |
| Другие авторы: | , , , , , |
| Примечания: | Заглавие с экрана Представлена схема построения СВЧ-тракта приемопередающего модуля экспериментального образца активной фазированной антенной решетки для космического радиолокатора X-диапазона с синтезом апертуры. Приведены некоторые конструктивные особенности и измеренные параметры разработанного СВЧ-тракта приемопередающего модуля. A scheme for constructing the microwave frontend of the Transmit/Receive Module of the experimental sample of an active phased array antenna for the X-band space radar with an aperture synthesis is presented. Some design features and measured parameters of the microwave frontend of the Transmit/Receive Module are presented. |
| Язык: | русский |
| Опубликовано: |
2018
|
| Серии: | Электронное оборудование и технологии космического назначения |
| Предметы: | |
| Online-ссылка: | http://earchive.tpu.ru/handle/11683/49615 |
| Формат: | Электронный ресурс Статья |
| Запись в KOHA: | https://koha.lib.tpu.ru/cgi-bin/koha/opac-detail.pl?biblionumber=627173 |
MARC
| LEADER | 00000naa2a2200000 4500 | ||
|---|---|---|---|
| 001 | 627173 | ||
| 005 | 20231101133440.0 | ||
| 035 | |a (RuTPU)RU\TPU\conf\26883 | ||
| 035 | |a RU\TPU\conf\26882 | ||
| 090 | |a 627173 | ||
| 100 | |a 20180817d2018 k y0rusy50 ca | ||
| 101 | 0 | |a rus |d eng | |
| 102 | |a RU | ||
| 105 | |a y z 101zy | ||
| 135 | |a drcn ---uucaa | ||
| 181 | 0 | |a i | |
| 182 | 0 | |a b | |
| 200 | 1 | |a СВЧ-тракт приемопередающего модуля АФАР для космического радиолокатора Х-диапазона |d X-band microwave frontend transmit/receive module for AESA space radar |f Р. А. Богданов [и др.] |g науч. рук. С. А. Кореневский, В. Т. Ревин | |
| 203 | |a Текст |c электронный | ||
| 225 | 1 | |a Электронное оборудование и технологии космического назначения | |
| 230 | |a 1 компьютерный файл (pdf; 419 Kb) | ||
| 300 | |a Заглавие с экрана | ||
| 320 | |a [Библиогр.: с. 63 (3 назв.)] | ||
| 330 | |a Представлена схема построения СВЧ-тракта приемопередающего модуля экспериментального образца активной фазированной антенной решетки для космического радиолокатора X-диапазона с синтезом апертуры. Приведены некоторые конструктивные особенности и измеренные параметры разработанного СВЧ-тракта приемопередающего модуля. | ||
| 330 | |a A scheme for constructing the microwave frontend of the Transmit/Receive Module of the experimental sample of an active phased array antenna for the X-band space radar with an aperture synthesis is presented. Some design features and measured parameters of the microwave frontend of the Transmit/Receive Module are presented. | ||
| 463 | 0 | |0 (RuTPU)RU\TPU\conf\26347 |t Инженерия для освоения космоса |o сборник научных трудов VI Международного молодежного форума, г. Томск, 26-28 апреля 2018 г. |f Национальный исследовательский Томский политехнический университет (ТПУ) ; под ред. П. Ф. Баранова [и др.] |v [С. 61-63] |d 2018 | |
| 510 | 1 | |a X-band microwave frontend transmit/receive module for AESA space radar |z eng | |
| 610 | 1 | |a электронный ресурс | |
| 610 | 1 | |a СВЧ-тракты | |
| 610 | 1 | |a приемопередающие модули | |
| 610 | 1 | |a активные фазированные антенные решетки | |
| 610 | 1 | |a космические радиолокационные системы | |
| 701 | 1 | |a Богданов |b Р. А. | |
| 701 | 1 | |a Мальцев |b О. С. | |
| 701 | 1 | |a Соколовский |b Д. В. | |
| 701 | 1 | |a Павлючик |b А. А. | |
| 702 | 1 | |a Кореневский |b С. А. |4 727 | |
| 702 | 1 | |a Ревин |b В. Т. |4 727 | |
| 712 | 0 | 2 | |a Белорусский государственный университет информатики и радиоэлектроники (БГУИР) |c (Минск) |2 stltpush |3 (RuTPU)RU\TPU\col\429 |
| 712 | 0 | 2 | |a Минский НИИ Радиоматериалов |
| 801 | 2 | |a RU |b 63413507 |c 20180820 |g RCR | |
| 856 | 4 | |u http://earchive.tpu.ru/handle/11683/49615 | |
| 942 | |c BK | ||